00444nam a2200157Ia 4500008004100000020001500041082001700056100004300073245004300116250000700159260004500166300002600211500001900237600001500256650001500271240925s9999    xx            000 0 und d  a013205535x  a658.1511 HOR  aHorngren, Charles T.; Sundem ,Gary  L. 0aIntroduction to Management Accounting   aNA  aNew Jersey:bPrintice- Hall Int.c,1996.  av,447p.bNAfOriginal  aIncludes Index  aManagement  aManagement